1712 1106 1578 1300 1553 1224 1662 1673 1360 1573 1371 1092 1100 1749 1579 1656 1056 1035 1224 1397 1433 1189 1644 1544 1614 1061 1095 1167 1271 1205 1331 1140 1623 1022 1512 1624 1040 1040 1674 1689 1700 1274 1904 1993 1358 1024 1058 1078 1341 1527 1520 1799 1964 1244 1422 1927 1683 1919 1642 1761 1108 1690 1951 1848 1868 1146 1525 1949 1784 1126 1126 1328 1253 1394 1157 1896 1941 1432 1352 1184 1654 1608 1274 1668 1750 1264 1848 1685 1839 1996 1234 1262 1475 1066 1974 1047 1580 1806 1212 BCNSPRNW ULIB Ver.6.0+V

เปลี่ยนเป็นภาษาไทย

Change to English
 แสดงรายละเอียดบรรณานุกรม
  กลับหน้าหลัก

Brief Record : Get Marc (ISO 2709) : E-mail record : QR code < ปิดหน้าต่าง
LEADER : 00000nam 2200000uu 4500
001    13399108073
003     ULIB
008    110216s2546||||th 000 0 tha d
020    9749136284
060 04 WA5Jt3^bค695 2546
245 00 คู่มือสร้างเสริมสุขภาพและวันสำคัญในการรณรงค์ส่งเสริมสุขภาพ/^cบุญเติม แสงดิษฐ บรรณาธิการ
246 30 สร้างเสริมสุขภาพและวันสำคัญในการรณรงค์ส่งเสริมสุขภาพ
250    พิมพ์ครั้งที่ 1
260    กรุงเทพฯ :^bกองเวชกรรมป้องกัน กรมแพทย์ทหารบก,^c2546
300    170 หน้า :^bภาพประกอบ ;^c21 ซม.
650  7 การส่งเสริมสุขภาพ^vคู่มือ
650  7 สุขภาพ^vคู่มือ
700 0  บุญเติม แสงดิษฐ,^eบรรณาธิการ
710 2  กรมแพทย์ทหารบก. ^bกองเวชกรรมป้องกัน
945    ^p120^l0^i016535
945    ^p120^l0^i016534
995    ทศพร
999 ^a ใช้งานได้ทุกระบบ
รายการนี้ยังไม่มีแท็ก
คุณยังไม่ได้ล็อกอิน คุณสามารถมีกิจกรรมร่วมกับเว็บไซต์ได้ แต่ต้องล็อกอินก่อน ::
  ล็อกอิน

รายการสื่อสารสนเทศ

ลำดับที่ ประเภท เลขเรียก/บาร์โค้ด สถานที่ สถานะ
- ไม่พบข้อมูล -

BibComment


ยังไม่เคยถูกคอมเมนท์

คอมเมนท์ทรัพยากรรายการนี้
  คอมเมนท์: คู่มือสร้างเสริมส..


 Copyright 2026. Bcnsprnw @Library